000 00862nam a2200265 i 4500
001 000039020
003 DO-SdBNP
005 20251014104029.0
007 ta
008 251014s2025 dr ac 000 0 spa d
020 _a9788409688555
040 _aDO-SdBNP
_bspa
_cBNPHU
_erda
041 _aspa
082 4 _axxx
_bG158a
_222
100 1 _aGalimberti Prince, Alessandra
_eautor
_916462
245 1 0 _aArte y diáspora :
_b26 artistas de la República Dominicana en España /
_cAlessandra Galimberti Prince
264 _aSanto Domingo :
_bEmbajada de la República Dominicana ante el Reino de España,
_c2025.
300 _a184 páginas :
_bilustraciones ;
_c21 cm.
336 _ardacontent
_btexto
_2txt
337 _ardamedia
_bsin mediación
_2n
338 _ardacarrier
_bvolumen
_2nc
590 _aInventariado, 2025/DG
910 _aDG
942 _2ddc
_cLBS1
999 _c59945
_d59945